| 000 | 00498cam a2200169ua 4500 | ||
|---|---|---|---|
| 041 |
_aeng _h |
||
| 082 |
_a028.72621 _bBHA/LA |
||
| 100 | _aBhattacharya, S K. | ||
| 245 |
_aLaboratory manual on basic electrical engineering and electrical measurement / _cS K Bhattacharya. _hTextual Documents |
||
| 250 |
_a1 / _b. |
||
| 260 |
_aChandigarh : _bTechnical Teachers training Institute , _c1986. |
||
| 300 | _a73 ; . | ||
| 504 | _a | ||
| 700 | 1 | _aRastogi, K M. | |
| 942 | _cBK | ||
| 999 |
_c6815 _d6815 |
||